[Event "AUTO-ADV-2109"]
[Site "http://www.queenalice.com/game.php?id=917791"]
[Date "2011.3.26"]
[Round "1"]
[White "JOTA_CALAMAR"]
[Black "dante72"]
[Result "1-0"]
[WhiteElo "1694"]
[BlackElo "1643"]

1. e4 e5 2. Nf3 d6 3. Nc3 c6 4. g3 Bg4 5. Bg2 Ne7 6. h3 Bh5 7. d3 Bxf3 8. Qxf3
Ng6 9. O-O Be7 10. b3 O-O 11. a4 Nd7 12. Ba3 b6 13. b4 Nf6 14. b5 c5 15. Nd5
Nxd5 16. exd5 f5 17. Rae1 Qe8 18. c4 Qf7 19. Re2 f4 20. gxf4 Qxf4 21. Qxf4 Rxf4
22. Bc1 Rf7 23. f3 Nf4 24. Bxf4 Rxf4 25. Re4 Raf8 26. Rfe1 Bh4 27. Rxf4 Bxe1 28.
Rxf8+ Kxf8 29. Kf1 Bg3 30. Ke2 Ke7 31. Ke3 1-0

[Event "AUTO-ADV-2109"]
[Site "http://www.queenalice.com/game.php?id=917794"]
[Date "2011.3.26"]
[Round "1"]
[White "dante72"]
[Black "Guilherme_Ottoni"]
[Result "1/2-1/2"]
[WhiteElo "1629"]
[BlackElo "1997"]

1. d4 Nf6 2. Nc3 d5 3. Bf4 Bf5 4. e3 e6 5. a3 c5 6. f3 cxd4 7. exd4 Bd6 8. Bg5
Nbd7 9. Bd3 Bxd3 10. Qxd3 h6 11. Bxf6 Nxf6 12. Nge2 a6 13. O-O Qc7 14. g3 O-O
15. b4 Rac8 16. Rac1 Qc4 17. Kg2 Qxd3 18. cxd3 Be7 19. Na4 Nd7 20. Nc5 Nxc5 21.
dxc5 a5 22. d4 axb4 23. axb4 Bf6 24. b5 e5 25. dxe5 Bxe5 26. f4 Bf6 27. Ng1 Rfd8
28. Nf3 d4 29. Rfd1 Rd5 30. c6 bxc6 31. bxc6 Rd6 32. c7 Rd7 33. Kf2 Rdxc7 34.
Rxc7 Rxc7 35. Nxd4 Bxd4+ 36. Rxd4 Rc2+ 37. Kg1 g5 38. f5 f6 39. g4 Kf7 40. Rd7+
Kg8 41. Rd6 Kf7 42. Re6 Rc4 43. h3 Rc3 44. Kg2 Rd3 45. Kh2 Rc3 46. Re2 Rd3 47.
Kg2 Rc3 1/2-1/2

[Event "AUTO-ADV-2109"]
[Site "http://www.queenalice.com/game.php?id=917795"]
[Date "2011.3.26"]
[Round "1"]
[White "Guilherme_Ottoni"]
[Black "dante72"]
[Result "1-0"]
[WhiteElo "2017"]
[BlackElo "1681"]

1. e4 e5 2. Nc3 Nf6 3. Bc4 Bc5 4. Nf3 O-O 5. d3 h6 6. Nxe5 d6 7. Nf3 Bg4 8. h3
Bh5 9. O-O Nfd7 10. a3 c6 11. g4 Bg6 12. d4 Bb6 13. Bf4 Nf6 14. e5 dxe5 15. Bxe5
Nbd7 16. Bd3 Re8 17. Bxg6 fxg6 18. Re1 Nxe5 19. dxe5 Qxd1 20. Raxd1 Nh7 21. Na4
Bc7 22. Nc5 Rab8 23. Rd7 Rec8 24. Ne6 Ba5 25. Rxg7+ Kh8 26. b4 Bb6 27. Rxg6 Re8
28. Rxh6 Kg8 29. Rd1 a5 30. Rd7 Rxe6 31. Rdxh7 Rxh6 32. Rxh6 axb4 33. axb4 Rf8
34. Rf6 Rxf6 35. exf6 Kf7 36. g5 Bc7 37. Kg2 Bd6 38. c3 b6 39. h4 Kg6 40. Nd4 c5
41. bxc5 bxc5 42. Nb5 Bf8 43. f4 Kh5 44. Kg3 c4 45. f5 Bc5 46. f7 1-0

[Event "AUTO-INT-1992"]
[Site "http://www.queenalice.com/game.php?id=917991"]
[Date "2011.3.27"]
[Round "1"]
[White "robinud"]
[Black "dante72"]
[Result "1/2-1/2"]
[WhiteElo "1717"]
[BlackElo "1697"]

1. e4 e5 2. Nf3 d6 3. Bc4 h6 4. c3 c6 5. b4 Be6 6. Bxe6 fxe6 7. a4 Qf6 8. Bb2
Ne7 9. O-O Ng6 10. d4 exd4 11. cxd4 Qf7 12. b5 cxb5 13. axb5 b6 14. Re1 Be7 15.
d5 e5 16. Nbd2 Nd7 17. Qe2 Nf4 18. Qc4 O-O 19. Bc1 Rfc8 20. Qb4 Nc5 21. Rf1 Ne2+
22. Kh1 Nxc1 23. Rfxc1 g5 24. Rf1 g4 25. Ne1 h5 26. Qb1 Bg5 27. Nc4 Be7 28. f3
g3 29. h3 h4 30. Nd3 Nd7 31. f4 Rxc4 32. fxe5 Qh7 33. exd6 Bxd6 34. Nb2 Rxe4 35.
Na4 Re7 36. Qxh7+ Rxh7 37. Rae1 Nc5 38. Nxc5 Bxc5 39. Rf4 Rf8 40. Rg4+ Kh8 41.
Rge4 Rd8 42. Re8+ Rxe8 43. Rxe8+ Kg7 44. Re6 Kf8 45. Re1 Rd7 46. Rd1 Ke7 47. Rd3
Kd6 48. Rd2 Ke5 49. Re2+ Kxd5 50. Rd2+ Ke6 51. Rxd7 Kxd7 1/2-1/2

[Event "AUTO-INT-1992"]
[Site "http://www.queenalice.com/game.php?id=917992"]
[Date "2011.3.27"]
[Round "1"]
[White "dante72"]
[Black "robinud"]
[Result "1-0"]
[WhiteElo "1643"]
[BlackElo "1669"]

1. d4 d5 2. Bf4 Nf6 3. e3 Bg4 4. f3 Bh5 5. h4 h6 6. Bd3 e6 7. g4 Bg6 8. Bxg6
fxg6 9. Be5 Nc6 10. Ne2 Nxe5 11. dxe5 Nd7 12. f4 Bb4+ 13. c3 Ba5 14. Nd4 Qe7 15.
b4 Bb6 16. Nd2 O-O-O 17. a4 a6 18. a5 Ba7 19. Qb3 g5 20. fxg5 hxg5 21. h5 Nxe5
22. Rg1 Rdf8 23. b5 Nd3+ 24. Kd1 Nc5 25. Qb4 g6 26. bxa6 bxa6 27. Nc6 Qf6 28.
Nxa7+ Kd7 29. Qxc5 gxh5 30. Qc6+ Kd8 31. Rb1 Qf2 32. Rb8+ Ke7 33. Qxc7+ Kf6 34.
Rxf8+ Rxf8 35. Rf1 Qxf1+ 36. Nxf1 Rf7 37. Qb6 hxg4 38. Ng3 Ke5 39. Qxa6 Rf3 40.
Nc6+ Kf6 41. Nh5+ Kf7 42. Qd3 g3 43. Ne5+ 1-0

[Event "AUTO-INT-1992"]
[Site "http://www.queenalice.com/game.php?id=918007"]
[Date "2011.3.27"]
[Round "1"]
[White "Nephi_R"]
[Black "dante72"]
[Result "1-0"]
[WhiteElo "1662"]
[BlackElo "1668"]

1. e4 e5 2. Nf3 d6 3. d4 f6 4. dxe5 fxe5 5. Bc4 c6 6. Nxe5 dxe5 7. Bf7+ Kxf7 8.
Qxd8 Ne7 9. Qd1 Ng6 10. Nc3 Bb4 11. O-O Bxc3 12. bxc3 Be6 13. f4 Rf8 14. f5 Nf4
15. Bxf4 Bc4 16. Bxe5 Na6 17. Qd7+ Kg8 18. Qxg7# 1-0

[Event "AUTO-INT-1992"]
[Site "http://www.queenalice.com/game.php?id=918008"]
[Date "2011.3.27"]
[Round "1"]
[White "dante72"]
[Black "Nephi_R"]
[Result "1-0"]
[WhiteElo "1630"]
[BlackElo "1656"]

1. d4 d6 2. e4 Nf6 3. Bd3 g6 4. Ne2 Bg7 5. O-O O-O 6. c3 e5 7. d5 Nbd7 8. h3 Nc5
9. Ng3 Nxd3 10. Qxd3 Nd7 11. b4 a5 12. b5 Nc5 13. Qe3 Bd7 14. a4 Nb3 15. Ra3
Nxc1 16. Rxc1 Qh4 17. Nd2 Bh6 18. Qe2 f5 19. Nf3 Qf4 20. Raa1 fxe4 21. Qxe4 1-0

[Event "AUTO-INT-1992"]
[Site "http://www.queenalice.com/game.php?id=918019"]
[Date "2011.3.27"]
[Round "1"]
[White "dante72"]
[Black "Bunecov"]
[Result "0-1"]
[WhiteElo "1653"]
[BlackElo "1543"]

1. d4 d5 2. Bf4 Nc6 3. e3 e6 4. a3 Bd6 5. Bxd6 Qxd6 6. Bb5 a6 7. Bxc6+ Qxc6 8.
Ne2 Nf6 9. f3 O-O 10. O-O b5 11. Nd2 g6 12. c3 Qd6 13. b4 h5 14. e4 dxe4 15.
fxe4 Ng4 16. e5 Qc6 17. Rf3 f5 18. h3 Nh6 19. Rg3 Kh7 20. Nf4 Rg8 21. Qb3 h4 22.
Rf3 g5 23. Nh5 Bd7 24. Nf6+ Kg7 25. Rf2 Rgd8 26. Nf3 Qc4 27. Qxc4 bxc4 28. Nxg5
Nf7 29. Rf4 Nxg5 30. Rxh4 Ba4 31. g4 Rh8 32. Rxh8 Rxh8 33. Nh5+ Kg6 34. Nf4+ Kf7
35. Kg2 fxg4 36. hxg4 c6 37. Rf1 Kg7 38. Nh5+ Kh7 39. Rf6 Bc2 40. Nf4 Be4+ 41.
Kg3 Rg8 42. Nxe6 Bd5 43. Nf4 Ne4+ 44. Kh4 Nxf6 45. g5 Ne4 46. Ne2 Nxg5 47. Nf4
Nf3+ 48. Kh3 Kg7 49. Kg4 Kh6+ 50. Kf5 Nh4+ 51. Kf6 Rf8+ 52. Ke7 Rxf4 53. e6 Ng6+
54. Kd6 Re4 55. a4 Rxe6+ 56. Kc5 Re3 57. b5 axb5 58. axb5 Ne7 59. b6 Rxc3 0-1

[Event "AUTO-INT-1992"]
[Site "http://www.queenalice.com/game.php?id=918020"]
[Date "2011.3.27"]
[Round "1"]
[White "Bunecov"]
[Black "dante72"]
[Result "0-1"]
[WhiteElo "1502"]
[BlackElo "1638"]

1. e4 e5 2. d3 h6 3. Nf3 d6 4. Nc3 c6 5. h3 Ne7 6. Be3 Ng6 7. g3 Be7 8. h4 O-O
9. d4 f6 10. d5 c5 11. Bc4 a6 12. Qd2 b5 13. Be2 Bd7 14. O-O-O Bg4 15. Ng1 Bxe2
16. Ngxe2 Nd7 17. f4 Nb6 18. f5 Nh8 19. g4 Qd7 20. h5 b4 21. Nb1 a5 22. b3 a4
23. c4 axb3 24. axb3 Ra1 25. Qb2 Rfa8 26. Qd2 R8a2 27. Qd3 Qa7 28. Rd2 Qa3+ 29.
Kd1 Rxd2+ 30. Bxd2 Nxc4 31. Qxc4 Rxb1+ 32. Bc1 Qxb3+ 33. Qxb3 Rxb3 34. Rh3 Rxh3
0-1

[Event "Challenge"]
[Site "http://www.queenalice.com/game.php?id=924218"]
[Date "2011.4.10"]
[Round "-"]
[White "juniorvaz100"]
[Black "dante72"]
[Result "0-1"]
[WhiteElo "1671"]
[BlackElo "1653"]

1. e4 e5 2. Bc4 d6 3. Qf3 Qf6 4. d3 h6 5. Nc3 c6 6. Qxf6 Nxf6 7. h3 a5 8. a3 Be6
9. Bxe6 fxe6 10. Nf3 Nbd7 11. Be3 Be7 12. g4 O-O 13. O-O-O d5 14. Nh4 Nh7 15.
Ng6 Rfe8 16. h4 Bf6 17. Rh3 d4 18. g5 hxg5 19. hxg5 Nxg5 20. Rh5 Nf7 21. Rdh1
Nh6 22. Bxh6 dxc3 23. Be3 Kf7 24. Nh8+ Kg8 0-1

[Event "Challenge"]
[Site "http://www.queenalice.com/game.php?id=966120"]
[Date "2011.7.28"]
[Round "-"]
[White "pork_chop"]
[Black "dante72"]
[Result "1-0"]
[WhiteElo "1636"]
[BlackElo "1698"]

1. d4 d5 2. Nf3 Nc6 3. Nc3 e6 4. Nb5 a6 5. Nc3 Bb4 6. a3 Bxc3+ 7. bxc3 Nge7 8.
e3 O-O 9. a4 f5 10. Ng5 h6 11. h4 hxg5 12. hxg5 Kf7 13. Qh5+ g6 14. Qh7+ Ke8 15.
Ba3 Rg8 16. f4 Kd7 17. Rg1 Qf8 18. Qh3 Rh8 19. Qf3 b6 20. Rb1 Na5 21. g4 Bb7 22.
gxf5 exf5 23. Rg3 1-0

[Event "AUTO-ADV-2246"]
[Site "http://www.queenalice.com/game.php?id=972609"]
[Date "2011.8.14"]
[Round "1"]
[White "dante72"]
[Black "xyzzyx"]
[Result "1-0"]
[WhiteElo "1673"]
[BlackElo "1864"]

1. d4 d5 2. Bf4 Nf6 3. f3 e6 4. a3 Be7 5. e3 c5 6. c3 Nc6 7. Bb5 Bd7 8. Ne2 Qb6
9. Bxc6 Bxc6 10. b4 Nh5 11. dxc5 Qd8 12. Bg3 Nxg3 13. Nxg3 Bh4 14. Kf2 Qg5 15.
f4 1-0

[Event "AUTO-ADV-2246"]
[Site "http://www.queenalice.com/game.php?id=972610"]
[Date "2011.8.14"]
[Round "1"]
[White "xyzzyx"]
[Black "dante72"]
[Result "0-1"]
[WhiteElo "1890"]
[BlackElo "1647"]

1. c4 f5 2. Nc3 e6 3. g3 c6 4. Bg2 Nf6 5. e3 Bb4 6. Nge2 O-O 7. O-O d5 8. cxd5
cxd5 9. d4 Bd7 10. a3 Ba5 11. b4 Bc7 12. Nf4 Bxf4 13. exf4 a6 14. Na4 Bb5 0-1

[Event "AUTO-ADV-2246"]
[Site "http://www.queenalice.com/game.php?id=972613"]
[Date "2011.8.14"]
[Round "1"]
[White "dante72"]
[Black "johndavidtelker"]
[Result "0-1"]
[WhiteElo "1666"]
[BlackElo "1738"]

1. d4 d5 2. Bf4 Bf5 3. f3 Nf6 4. e3 Nbd7 5. Bd3 Bxd3 6. cxd3 e6 7. a3 Bd6 8. Ne2
O-O 9. O-O Re8 10. Bg5 e5 11. dxe5 Nxe5 12. f4 Neg4 13. Qd2 Nxe3 14. Rf3 Nf5 15.
g3 h6 16. Bxf6 Qxf6 17. Nbc3 c6 18. Re1 Bc5+ 19. d4 Bxd4+ 20. Nxd4 Rxe1+ 21.
Qxe1 Nxd4 22. Rf2 Kf8 23. Qd1 Re8 0-1

[Event "AUTO-ADV-2246"]
[Site "http://www.queenalice.com/game.php?id=972614"]
[Date "2011.8.14"]
[Round "1"]
[White "johndavidtelker"]
[Black "dante72"]
[Result "1-0"]
[WhiteElo "1724"]
[BlackElo "1680"]

1. d4 d5 2. Nf3 Nc6 3. Bf4 h6 4. Nc3 Bg4 5. Ne5 Nxe5 6. Bxe5 f6 7. Bg3 e6 8. a3
Bd6 9. Qd3 Bf5 10. Qd2 Ne7 11. f4 O-O 12. e3 a6 13. Be2 b5 14. b4 Ng6 15. Bd3
Bxd3 16. cxd3 Ne7 17. O-O Nf5 18. Bf2 c6 19. e4 Ne7 20. e5 Bc7 21. g4 f5 22. Qe2
Ng6 23. Bg3 1-0